00321nam a2200121Ia 4500008004100000041000800041082001500049100001800064245004500082260002900127300003100156365001200187240624s9999 xx 000 0 und d aeng a302.23 TAY aTAYLOR ROBERT aMEDIA INTERVIEW TECHNIQUES A COMPLETE GU c2016aLondonbKogan Page axii, : 210 : p. : cm. ; 23 cGBPb30